Statistiche per Paesi che producono più pepe

Clicka qui per fare il quiz!

Statistiche generali

  • Questo quiz è stato fatto 43 volte
  • Il punteggio medio è 9 su 20

Statistiche sulle risposte

1000
tonnellate
nazione% Corretto
34Cina
90%
55India
90%
54Brasile
83%
82Indonesia
76%
5Messico
71%
216Vietnam
67%
2Thailandia
64%
2Filippine
62%
3Cambogia
55%
29Malesia
45%
29Sri Lanka
40%
7Madagascar
24%
2Ecuador
21%
3 Costa Rica
17%
5Etiopia
17%
4Ghana
10%
2Uganda
10%
2Zimbabwe
7%
3Ruanda
5%
2Malawi
2%

Distribuzione punteggi

Percentile per numero di risposta

Percentuale di utenti per punteggio

I tuoi punteggi nel tempo

Non hai fatto questo quiz